Statistics for Don't Hug Me I'm Scared 1 Lyrics

Click here to take the quiz!

General Stats

  • This quiz has been taken 216 times
    (208 since last reset)
  • The average score is 211 of 270

Answer Stats

Lyrics% Correct
I
98%
you
97%
a
95%
is
94%
to
94%
be
93%
creative
93%
creative.
93%
what
93%
do
92%
your
91%
get
90%
it
90%
favourite
89%
idea?
89%
No.
89%
What's
89%
just
88%
not
88%
see
88%
see?
88%
the
88%
It's
87%
me
87%
me.
87%
Think
87%
think
87%
Mine
86%
at
85%
being
85%
orange.
85%
orange
85%
creatively.
84%
let
84%
boring.
83%
boring
83%
but
83%
How
83%
how
83%
in
83%
let's
83%
Now
83%
now.
83%
old
83%
face.
82%
look
82%
look.
82%
and
81%
don't
81%
Green
81%
Green.
81%
colour.
80%
Maybe
80%
tell
80%
can
79%
silly
79%
this
79%
bat.
78%
that
78%
That
78%
cat.
76%
dog.
76%
never
76%
on
76%
smiling
76%
Blue.
75%
mean.
75%
my
75%
Red.
75%
thinking
75%
when
75%
again.
74%
please
74%
So
74%
Walking
74%
you're
74%
baseball
73%
Go
73%
take
73%
all
72%
express
72%
hair.
72%
hair
72%
log.
72%
myself.
72%
try
72%
use
72%
of
71%
Of
71%
with
71%
agree
70%
frog.
70%
ladder
68%
sky
67%
man
66%
really
66%
brain.
65%
clouds
65%
need
65%
sounds
65%
down.
64%
have
64%
along
62%
clown.
62%
favourite
62%
getting
62%
hang
62%
hat.
62%
Listen
62%
slow
62%
there
61%
voices
61%
'cause
60%
friend
60%
good
60%
heart.
60%
paint
60%
sticks
60%
them
60%
time.
60%
another
59%
leaning
59%
might
58%
picture
58%
into
57%
leaves
56%
rain.
56%
arrange
55%
Come
55%
know
53%
Oh
53%
some
53%
Using
52%
find
51%
guys
51%
kid.
50%
creativity
49%
stare
49%
wiz
49%
collect
48%
Here's
48%
tip.
47%
flow.
45%
minds
45%
thing
44%
before
42%
Cool.
42%
one
42%
wait.
42%
exciting?
40%
There's
40%
more
39%
Yeah?
36%
Whoa
30%

Score Distribution

Percentile by Number Answered

Percent of People with Each Score

Your Score History

You have not taken this quiz since the last reset